000 00799nab a22002417a 4500
001 08514
003 HDC
007 cr bn ---aaaaa
008 210128c20171101my ||||| |||| 00| 0 may d
040 _aHDC
100 _aMohd Azrone Sarabatin,
_eauthor
_98977
245 0 _aLebih 1,900 PKS sertai Zon Perdagangan Bebas Digital /
_cMohd Azrone Sarabatin.
336 _atext
_2rdacontent
337 _acomputer
_2rdamedia
338 _aonline resource
_2rdacarrier
650 _aDuty-free
_98082
650 _aElectronic commerce
_98083
710 _aBerita Harian
856 _zRequest full-text at [email protected]
942 _2lcc
942 _cNEWS
942 _kNWSC 002138
999 _c5837
_d5837